Internationales Universitats-Handbuch = World guide to universities

Saved in:
Bibliographic Details
Other Authors: Zils, Michael
Format: Book
Language:English
German
Published: Munchen : Verlag Dokumentation, 1976.
Edition:2. Ausg.
Series:Handbook of international documentation and information ; ; 10
Subjects:
Tags: Add Tag
No Tags, Be the first to tag this record!

MARC

LEADER 00000cam a2200000 i 4500
001 1/58677
008 040705s1976####gr | | ||| |||| ||eng||
020 |a 3794011104  
035 |l 10073986 
040 |a GR-MY-UA  |b gre  |e aacr 
041 0 |a eng  |a ger 
245 1 0 |a Internationales Universitats-Handbuch =   |b World guide to universities /   |c Redaktionelle bearbeitung Michael Zils.  
246 1 |i Παράλληλος τίτλος:   |a World guide to universities  
250 |a 2. Ausg.  
260 |a Munchen :   |b Verlag Dokumentation,   |c 1976.  
300 |a 703 σ. ;   |c 22 εκ.  
490 1 |a Handbook of international Documentation and Information   |v ; 10  
500 |a T.1. Europa:1. Albanien-Osterreich.  
650 0 0 |a Universities and colleges  |x Directories. 
700 1 |a Zils, Michael. 
830 0 |a Handbook of international documentation and information ;  |v ; 10 
852 |a INST  |b LESVOS  |e 20040705  |p 005100028137  |q 005100028137  |t REF  |y 23 
901 |a BIBL1-2004-2 
909 |a Λ  |b 112053 
970 |a ΜΑΡΙΝΑΤΟΥ  |b ΜΥΡΣΙΝΗ  |z 2004/07/05